000 00532cam a2200181 a 4500
020 _a0256225575
040 _cDLC
082 0 0 _a658 IRW 1999 A040 Or.
100 1 _aDavis, Mark M.,
245 1 0 _aFundamentals of operations management /
250 _a3rd ed.
260 _aBoston :
_bIrwin McGraw-Hill,
_cc1999.
300 _axx, 600 p. :
_bill. (some col.) ;
_c26cm + l computer laser optical disc 4 3/4 in.
650 0 _aProduction management.
700 1 _aAquilano, Nicholas J.
700 1 _aChase, Richard B.
942 _cEK
999 _c12055
_d12055